Dinámica de los suelos amazónicos: (Registro nro. 7457)

Detalles MARC
000 -CABECERA
Campo de control 00898nam a22002057a 4500
005 - FECHA Y HORA DE LA ULTIMA TRANSACCION
Campo de control 20150909020002.0
008 - ELEMENTOS DE LONGITUD FIJA—INFORMACION GENERAL
Campo de control 120223s2010 ck ag gr 000 0dspa d
020 ## - ISBN
ISBN 9789588317625
041 0# - IDIOMA
Código de idioma para texto/pista de sonido o título separado Español
082 04 - NUMERO DE CLASIFICACION DECIMAL DEWEY
Número de clasificación 631.44
Número del ítem P35d
100 1# - ASIENTO PRINCIPAL--NOMBRE PERSONAL
Nombre personal Peña-Venegas, Clara Patricia.
245 10 - MENCION DE TITULO
Título Dinámica de los suelos amazónicos:
Parte restante del título procesos de degradación y alternativas para su recuperación /
Mención de responsabilidad Clara Patricia Peña-Vanegas, Gladys I. Cardona.
260 ## - PUBLICACION, DISTRIBUCION, ETC. (PIE DE IMPRENTA)
Lugar de publicación, distribución, etc. Bogotá :
Nombre del editor, distribuidor, etc. Sinchi. Instituto Amazónico de Investigaciones Científicas :
-- Ministerio de Ambiente, Vivienda y Desarrollo Territorial,
Fecha de publicación, distribución, etc. 2010.
300 ## - DESCRIPCION FISICA
Extensión 115 p. :
Otros detalles físicos il. ;
Dimensiones 24 cm.
504 ## - NOTA DE BIBLIOGRAFIA, ETC.
Nota de bibliografía Incluye bibliografías.
650 ## - ASIENTO SECUNDARIO DE MATERIA - TERMINO TEMATICO
Término temático o nombre geográfico como elemento de entrada Suelos
Subdivisión general Clasificación
Subdivisión geográfica Amazonas (Colombia)
650 ## - ASIENTO SECUNDARIO DE MATERIA - TERMINO TEMATICO
Término temático o nombre geográfico como elemento de entrada Análisis del suelo
Subdivisión general Clasificación
Subdivisión geográfica Amazonas (Colombia)
700 1# - ASIENTO SECUNDARIO - NOMBRE PERSONAL
Nombre personal Cardona, Gladys I.
942 ## - ELEMENTOS ADICIONALES (KOHA)
Sistema de clasificación Dewey Decimal Classification
Tipo de ítem
Koha issues (borrowed), all copies 1
Existencias
Withdrawn status Lost status Sistema de Clasificación Damaged status No para préstamo Colección Inventariado Ubicación Permanente Ubicación actual Fecha de adquisición Fuente de Valor Valor Total Checkouts Número topográfico Inventario / Código de Barras Date last seen Date checked out Ejemplar Price effective from Tipo de material
    Dewey Decimal Classification     General Inventariado 2017 Bogotá Bogotá 24/07/2013 Instituto 39000.00 1 LB 631.44 P35d 028383 08/09/2015 08/09/2015 Ej. 1 24/07/2013 Libro
    Dewey Decimal Classification     General Inventariado 2017 Sala Fabio Quevedo Sala Fabio Quevedo 24/07/2013 Instituto 39000.00   LB 631.44 P35d 028477 24/07/2013   Ej. 2 24/07/2013 Libro